| 000 | 00595nam a2200169Ia 4500 | ||
|---|---|---|---|
| 008 | 140527s9999 xx 000 0 und d | ||
| 020 | _a9780071739337 | ||
| 050 |
_aHD 69.P75 _b.D626 2010 |
||
| 100 | _aDobson, Michael S. | ||
| 245 |
_aCreative project management : _binnovative project options to solve problems on time and under budget / _cMichael S. Dobson, Ted Leemann |
||
| 260 |
_aNew York : _bMcGraw-Hill, _cc2010. |
||
| 300 |
_a261 p. : _bill. ; _c23 cm. |
||
| 500 | _aIncludes bibliographical references, appendices and index. | ||
| 521 | _aGE | ||
| 942 |
_kFOR _cBK |
||
| 999 |
_c117447 _d117447 |
||